Sabrina Carpenter bridge quiz (up to Man's Best Friend!) - Statistics

General Stats
  • This quiz has been taken 153 times
  • The average score is 7 of 10
Answer Stats
Bridge Song % Correct
Sayonara, adiós On the flip side, cheerio Por siempre te amo, wait, no Shit, when did you get here? Go put on some clothes Goodbye
96%
Every time you close your eyes And feel his lips, you're feelin' mine And every time you breathe his air Just know I was already there You can have him if you like I've been there, done that once or twice And singin' 'bout it don't mean I care Yeah, I know I've been known to share Taste
96%
That boy is corrupt (Ah) Could you raise him to love me, maybe? He sure fucked me up (Ah-ah) And, yes, I'm talking 'bout your baby That boy is corrupt (Ah) Get PTSD on the daily He sure fucked me up (Ah-ah) And, yes, I'm talking 'bout your baby (Yeah) Nobody's Son
86%
What a surprise, your phone just died Your car drove itself from L.A. to her thighs Palm Springs looks nice, but who's by your side? Damn it, she looks kinda like the girl you outgrew Least that's what you said (That's what you said) Coincidence
76%
Don't believe everything that you hear
Let it go through your left and right ear
Don't just march to the beat of that drum
Don't be one of them people just twiddlin' them ______
Thumbs
74%
You say we're driftin' apart I said, "Yeah, I fucking know" Big deal, we've been here before And we'll be here tomorrow La-la-la, oh We Almost Broke Up Again Last Night
71%
When my time's up, baby (Na-na-na) I'll leak some pictures maybe Say somethin' batshit crazy I'll do it, don't you make me When my time's up, baby (When my time's up, baby) I'll leak some pictures maybe (Ah) Say somethin' batshit crazy (Ah) I'll do it, don't you make me, yeah, oh (Ah) 15 Minutes
63%
Je ne voulais pas trouver l'amour Mais _____ a quelque chose Qui donne envie d'aimer, d'aimer passionnément Mon cœur est à toi pour toujours You will always have my heart Paris
58%
You don't feel remorse, you don't feel the effects 'Cause you don't think you hurt me if you wish me the best I shoulda known all along, I was only the next one To take your love songs as a promise Vicious
50%
Bet you miss me, bet you're reminiscin'
I bet you hate the way that you said goodbye
And you still can't even tell me why
I hate the way that you left me dry
But I'll keep that between you and I
bet u wanna
43%
No matching quizzes found
Score Distribution
Percent of People with Each Score
Percentile by Number Answered
Your Score History
You have not taken this quiz